000 00492nam a2200193Ia 4500
003 GCL
008 140319s9999 xx 000 0 eng d
040 _aGCL /
_cGCL
082 0 4 _a892.76
_bA M
100 1 _aAL QUAID, YOUSSEF
245 1 0 _aMASRI L'HOMME DU DELTA /
_cAL QUAID, YOUSSEF
260 _a[S.N] :
_bJEAN CLAUDE LATTES ،
_c1990
300 _a189 P
650 0 4 _aLITERATURE
650 0 4 _aARABIC LITERATURE
650 0 4 _aFICTION
650 0 4 _aARABIC FICTION
942 _2ddc
_cBK
999 _c14125
_d14125